Zapomeň na minulost /
Již osmá kniha nejpopulárnější slovenské spisovatelky vypráví příběh jedné rodiny, v níž úmrtí příbuzného zapřičiní, že její dosud minulostí zahalená tajemství vyjdou najevo.
Uloženo v:
| Hlavní autor: | |
|---|---|
| Další autoři: | |
| Médium: | E-kniha |
| Jazyk: | Czech |
| Vydáno: |
Praha :
Motto,
2018
|
| Vydání: | Vydání druhé |
| Edice: | Román (Motto)
|
| Témata: | |
| Tagy: |
Žádné tagy |
| LEADER | 02360cam a2200433 i 4500 | ||
|---|---|---|---|
| 001 | 310960 | ||
| 003 | CZ PrSKC | ||
| 005 | 20260601215657.0 | ||
| 007 | ta | ||
| 008 | 181015s2018 xr g 000 f cze d | ||
| 015 | |a cnb003045972 | ||
| 020 | |a 9788026713074 |q (vázáno) | ||
| 035 | |a (OCoLC)1078643331 | ||
| 040 | |a ABG001 |b cze |d OLA001 |e rda | ||
| 041 | 1 | |a cze |h slo | |
| 072 | 7 | |a 821.162.4 |x Slovenská literatura |2 Konspekt | |
| 080 | |a 821.162.4-31 |2 MRF | ||
| 080 | |a (0:82-31) |2 MRF | ||
| 100 | 1 | |a Gillerová, Katarína, |d 1958- |7 mzk2003208579 |4 aut | |
| 240 | 1 | 0 | |a Zabudni na minulosť. |l Česky |
| 245 | 1 | 0 | |a Zapomeň na minulost / |c Katarína Gillerová ; přeložila Miluše Krejčová |
| 250 | |a Vydání druhé | ||
| 264 | 1 | |a Praha : |b Motto, |c 2018 | |
| 300 | |a 340 stran ; |c 21 cm | ||
| 336 | |a text |b txt |2 rdacontent | ||
| 337 | |a bez média |b n |2 rdamedia | ||
| 338 | |a svazek |b nc |2 rdacarrier | ||
| 490 | 1 | |a Román | |
| 500 | |a Přeloženo ze slovenštiny | ||
| 520 | 2 | |a Již osmá kniha nejpopulárnější slovenské spisovatelky vypráví příběh jedné rodiny, v níž úmrtí příbuzného zapřičiní, že její dosud minulostí zahalená tajemství vyjdou najevo. |b Sedmadvacetiletá Saša přišla před lety o otce a starší sestru Mišku, oba zahynuli pod lavinou v horách, kam vzal otec-horolezec poprvé jednu z dcer s sebou. Saša si myslí, že o tragédii ví všechno, ale stačí celkem bezvýznamná událost - že si Saša vezme na pohřeb strýce perlový náhrdelník, který kdysi otec daroval matce - a spustí se řetěz událostí, který ji rázem vrátí do minulosti, a ona zjistí, že všechno bylo trochu jinak. Nakladatelská anotace. | |
| 655 | 7 | |a slovenské romány |7 fd133450 |2 czenas | |
| 655 | 9 | |a Slovak fiction |2 eczenas | |
| 700 | 1 | |a Krejčová, Miluše, |d 1955- |7 jn20001103223 |4 trl | |
| 830 | 0 | |a Román (Motto) | |
| 900 | |a ABA001 |b 20 | ||
| 044 | |a xr | ||
| 910 | |a RBIT002 | ||
| 998 | |d 179764 |a https://core.palmknihy.cz/api/books/179764/cover?phegnv |b https://core.palmknihy.cz/api/books/179764/cover/400?phegnv |c https://core.palmknihy.cz/api/books/179764/cover/50?phegnv |e 2027-12-31 |g 344 |i 9788026713074 |j https://core.palmknihy.cz/api/books/179764/preview.epub |k https://core.palmknihy.cz/api/books/179764/preview.pdf |l |q 49 |r 1 |s https://www.palmknihy.cz/kniha/179764 |t ebook |y 2018 |z 0 | ||
| 999 | |d 310958 | ||